000
00262nam a2200109Ia 4500
005
20251222114351.0
008
251222s1900||||xx |||||||||||||| ||spa||
082
_a
DVD0140/R34/1954
245
0
_a
El tercer hombre
264
_b
Reed, Carol. David, O.
942
_c
DVD
999
_c
1227
_d
1227